000 00836nas a2200277 4500
001 BR8802735
003 BR-BrBNA
005 20231205091131.0
007 ta
008 230509b bl.|||p| |||| 00| 00por d
040 _aBR-BrBNA
_bpor
_cBiblioteca Nacional de Agricultura
041 _a(En)
072 _aP10
100 1 _aMortatti, J.
100 1 _aMartinelli, L.A.
100 1 _aMatsui, E.
100 1 _aVictoria, R.L.
100 1 _aRichey, J.E.
245 1 _aIsotopic variation of oxygen in the water of river Solimoes/Amazon and its main tributaries
650 _aBACIA HIDROGRAFICA
650 _aANALISE QUIMICA
650 _aAMAZONIA
773 0 _tEnergia Nuclear e Agricultura (Brazil)
_xISSN 0100-3593
_g(1987), v. 8(1-2) p. 14-23
_wBR8802735
909 _a202311
_bLúcia
_c55
_dLúcia Elande
942 _2AGRIS
_n0
_cANA
999 _c123016
_d123016